Catálogo

INSTAN DIGITAL AUDIO (Registro nro. 50166)

Detalles MARC
000 -LEADER
fixed length control field 00802nam a2200193 a 4500
001 - CONTROL NUMBER
control field 50166
005 - DATE AND TIME OF LATEST TRANSACTION
control field 20180714035129.0
008 - FIXED-LENGTH DATA ELEMENTS--GENERAL INFORMATION
fixed length control field 140415d 000 0 eng d
020 ## - INTERNATIONAL STANDARD BOOK NUMBER
International Standard Book Number 1578202760
041 ## - LANGUAGE CODE
Language code of text/sound track or separate title eng
082 ## - DEWEY DECIMAL CLASSIFICATION NUMBER
Classification number 006.5
Item number EAG
100 1# - MAIN ENTRY--PERSONAL NAME
Personal name EAGLE, DOUGLAS SPOTTED
245 10 - TITLE STATEMENT
Title INSTAN DIGITAL AUDIO
250 ## - EDITION STATEMENT
Edition statement 1a ed.
260 ## - PUBLICATION, DISTRIBUTION, ETC.
Place of publication, distribution, etc. [s.l.] :
Name of publisher, distributor, etc. CMP MEDIA LLC,
Date of publication, distribution, etc. [s.f.]
300 ## - PHYSICAL DESCRIPTION
Extent 244
Dimensions 23.5 x 1.4 x 18.7
520 ## - SUMMARY, ETC.
Summary, etc. MAKE BETTER SOUNDTRACKS FAST WITH GUIDE TO AUDIO RECORDING AND PRODUCTION TOOLS. BEGINNING WITH A REVIEW OF THE FUNDAMENTAL CONCEPTS, LEARN HOW TO SELECT THE EQUIPMET AND SOFWARE THAT YOU NEED AND HOW TO USE IT. GET STRAIGTFORWARD EXPLANATIONS SUPPLEMENTED WITH AMPLE SCREENSHOTS AND TECHNICAL DATA.
650 14 - SUBJECT ADDED ENTRY--TOPICAL TERM
Topical term or geographic name entry element MULTIMEDIA
General subdivision PROGRAMACION
-- SONIDO
Existencias
Withdrawn status Lost status Source of classification or shelving scheme Damaged status Not for loan Collection code Home library Current library Shelving location Date acquired Source of acquisition Inventory number Total Checkouts Full call number Barcode Date last seen Price effective from Koha item type
    Dewey Decimal Classification     General Biblioteca Karol Wojtyla Biblioteca Karol Wojtyla Sala general 03/12/2013 Compra 151000000000000000059499   '006.5 EAG 74892 05/01/2026 03/12/2013 Libro